01802nam a2200241 i 4500003000900000005001700009007000300026008004100029020001800070040003000088041000800118082001800126100004600144245016000190250002200350264005600372300005600428336002700484337003300511338002800544500008300572520090500655DO-SdBNP20250826143303.0ta250826s2025 dr ac 000 0 spa d a9789945292961 aDO-SdBNPbspacBNPHUerda aspa 4axxxbV1452221 aValdez Montero, Henryd1980-eautor4aut.13aLa pobreza ¿de qué somos pobres? :btransmisión de la pobreza Vs. estrategias, técnicas, métodos y pasos para erradicarla /cHenry Valdez Montero  aPrimera edición aSanto Domingo :b[editor no identificado],c[2025]. a172 páginas ;bilustraciones, retratos ; c21 cm. 2rdacontentatextobtxt 2rdamediaasin mediaciónbn 2rdacarrieravolumenbnc aIncluye datos biografícos del autor en las solapas y en las páginas 16-19. aSegún la Real Academia Española (RAE), pobreza es definida como falta, escasez o como propia cualidad de pobre. Hoy en día, definir este término se torna complicado, sobre todo si se tiene en cuenta que la pobreza o la persona considerada pobre depende de muchos factores y del propio contexto socioeconómico en el que se enmarca. De manera genérica entendemos por pobreza la falta de medios económicos de una persona, sin embargo, en el siglo XXI este término ha adquirido una dimensión mucho mayor y delimitarlo únicamente al nivel de ingresos no ofrece una visión real de la situación que sufren las personas en situación de pobreza. Para poder entenderlo mejor tenemos que hablar de una pobreza multidimensional que tiene en cuenta la falta de derechos y acceso a los servicios básicos como agua y saneamiento, la salud, la educación y una alimentación adecuada.